[Event "Hibrido del Sur op U2200"]
[Site "Porlamar"]
[Date "2021.08.29"]
[Round "6"]
[White "Juncal Jaramillo, Jonatan Javier"]
[Black "Cabeza Marquez, Josue Alejandro"]
[Result "1-0"]
[WhiteElo "1673"]
[BlackElo "1584"]
[PlyCount "75"]
[EventDate "2021.08.27"]
[EventType "swiss"]
[EventRounds "7"]
[EventCountry "VEN"]
[SourceTitle "EXT 2023"]
[Source "ChessBase"]
[SourceDate "2022.10.05"]
[SourceVersion "1"]
[SourceVersionDate "2022.10.05"]
[SourceQuality "1"]

1. d4 f5 2. Nf3 Nf6 3. e3 e6 4. c4 c6 5. Nc3 d5 6. Be2 Bd6 7. 0-0 Nbd7 8. b3 Qe7 9. Bb2 0-0 10. Qc2 Ne4 11. Nxe4 fxe4 12. Ne5 Nxe5 13. dxe5 Bc7 14. f4 Bb6 15. Bd4 c5 16. Bb2 Bd7 17. Rad1 Bc6 18. Bg4 Rad8 19. cxd5 exd5 20. Qf2 Bb5 21. Rfe1 Kh8 22. Kh1 d4 23. exd4 cxd4 24. Rxe4 d3 25. Qg3 Bc6 26. Ree1 Ba5 27. Re3 Bb5 28. f5 Bb6 29. f6 Qc7 30. e6 Rxf6 31. Qxc7 Bxc7 32. Bxf6 gxf6 33. e7 Rg8 34. Bh5 Be5 35. Rexd3 Bc6 36. Rd8 Bxg2+ 37. Kg1 Bf3+ 38. Rxg8+ 1-0